| 000 | 00795nam a22002297a 4500 | ||
|---|---|---|---|
| 008 | 150518b xxu||||| |||| 00| 0 eng d | ||
| 020 | _a9780078023125 (student ed. : alk. paper) | ||
| 020 | _a0078023122 (student ed. : alk. paper) | ||
| 020 | _a9780077482060 (annotated instructor ed. : alk. paper) | ||
| 020 | _a0077482069 (annotated instructor ed. : alk. paper) | ||
| 041 | 0 | _aeng | |
| 080 | _a658 | ||
| 100 | 1 | _aNickels, William G. | |
| 245 | 1 | 0 |
_aBusiness : _cWilliam G. Nickels, James M. McHugh, Susan M. McHugh. |
| 260 |
_aNew York : _bMcGraw-Hill/Irwin, _cc2012. |
||
| 300 |
_a570 p.: _bMe il.: _c29 cm. |
||
| 650 | 0 | _aMenagjmenti industrial | |
| 650 | 0 | _2Biznes | |
| 700 | 1 | _aMcHugh, James M. | |
| 700 | 1 | _aMcHugh, Susan M. | |
| 942 |
_2udc _cBK |
||
| 999 |
_c804 _d804 |
||